Movies Quiz

Random Movies or Clickable Quiz

Quick Pick: Billy Crystal Films Quiz Stats

 Plays Quiz not verified by Sporcle

Challenge
Share
Tweet
Embed
Score 0/15 Timer 01:30
0 Plays Today
% Correct
Momma
98.4%
Analyze
98.1%
That
98.1%
Harry
97.9%
Bride
97.9%
Monsters
97.7%
Still
97.7%
Parental
97.4%
% Correct
Fairy
97.2%
Sweethearts
97.2%
Spinal
96.9%
City
96.7%
Running
95.8%
Paris
92.3%
Giant
90.4%

You're not logged in!

Compare scores with friends on all Sporcle quizzes.
OR
Log In

You Might Also Like...

Show Comments

Extras

Top Quizzes Today


Score Distribution

Your Account Isn't Verified!

In order to create a playlist on Sporcle, you need to verify the email address you used during registration. Go to your Sporcle Settings to finish the process.

Report this User

Report this user for behavior that violates our Community Guidelines.

Details: